Lessons from the Trump tariff shock: Implications for INDIA’S textiles and apparel sector (Record no. 533239)
[ view plain ]
| 000 -LEADER | |
|---|---|
| fixed length control field | 01196nam a22001337a 4500 |
| 008 - FIXED-LENGTH DATA ELEMENTS--GENERAL INFORMATION | |
| fixed length control field | 260430b ||||| |||| 00| 0 eng d |
| 100 ## - MAIN ENTRY--PERSONAL NAME | |
| Personal name | Ghosh, Sangeeta |
| 245 ## - TITLE STATEMENT | |
| Title | Lessons from the Trump tariff shock: Implications for INDIA’S textiles and apparel sector |
| 260 ## - PUBLICATION, DISTRIBUTION, ETC. (IMPRINT) | |
| Place of publication, distribution, etc | Economic & Political Weekly |
| 300 ## - PHYSICAL DESCRIPTION | |
| Extent | 61(15), Apr 11, 2026: p.38-41 |
| 520 ## - SUMMARY, ETC. | |
| Summary, etc | The tariffs imposed by the Trump administration in 2025 sharply disrupted India’s textile and garment sector, exposing vulnerabilities arising from export concentration. This article examines the sector’s exposure to the tariff shock, evaluates the government’s policy response, and situates the recent measures within broader structural and competitiveness challenges. Short-term interventions—such as the removal of quality control orders on key man-made fibre inputs, import duty relief on raw cotton, and enhanced export credit support—have provided immediate relief. However, their longer-term effectiveness will depend on coordinated policy efforts. –Reproduced https://www.epw.in/journal/2026/15/perspectives/lessons-trump-tariff-shock.html |
| 773 ## - HOST ITEM ENTRY | |
| Main entry heading | Economic & Political Weekly |
| 942 ## - ADDED ENTRY ELEMENTS (KOHA) | |
| Item type | Articles |
| Withdrawn status | Lost status | Source of classification or shelving scheme | Damaged status | Not for loan | Permanent location | Current location | Date acquired | Serial Enumeration / chronology | Barcode | Date last seen | Koha item type |
|---|---|---|---|---|---|---|---|---|---|---|---|
| Indian Institute of Public Administration | Indian Institute of Public Administration | 2026-04-30 | 61(15), Apr 11, 2026: p.38-41 | AR138750 | 2026-04-30 | Articles |
